000
00229nam a2200097Ia 4500
008
220120s9999||||xx |||||||||||||| ||und||
082
_a
003 SUN
100
_a
Sunag, G.M
_9
11319
245
0
_a
Operations research
300
_a
317p.
_b
0
999
_c
136449
_d
136449